Score 0/36 Timer 03:00
1 Play Today
Clue 4-Letter Word % Correct
Month after MayJUNE
96.4%
Put a cake in the ovenBAKE
95.8%
Tarzan's mateJANE
95.7%
Vehicle for the Tour de FranceBIKE
95.3%
Fish used in sandwichesTUNA
94.6%
Actor GyllenhaalJAKE
94.2%
A songTUNE
94.2%
Sink your teeth intoBITE
94.2%
What one takes in the tubBATH
93.7%
A walkway in a parkPATH
92.3%
'Breaking Bad' drugMETH
91.3%
One of the 'Little Women'BETH
90.4%
Become exhaustedTIRE
89.6%
Pleads on one's kneesBEGS
89.2%
♫ Girl mentioned in the song ♫TINA
87.7%
Moisten with a tongueLICK
87.5%
Stabby part of a forkTINE
87%
A sloppy situationMESS
86.5%
Clue 4-Letter Word % Correct
Zuckerberg of Facebook fameMARK
85.5%
A netted fabricMESH
85%
A fee for speedingFINE
84.5%
Harry Truman's wifeBESS
83.3%
Part of a chainLINK
83%
A religious ceremonyRITE
81.9%
Pocket breadPITA
81.4%
♫ The Song: Mambo No. ___FIVE
81.3%
♫ Girl mentioned in the song ♫RITA
78.8%
Stringy plant fibersPITH
76.7%
Bobby Darin's '___ the Knife'MACK
76.1%
♫ Girl mentioned in the song ♫MARY
75.5%
A tattletaleFINK
75.3%
Give a hootCARE
74.8%
Be in need ofLACK
73.7%
Grant of 'North by Northwest'CARY
70.8%
Zero a scaleTARE
70%
♫ Singer of the song, Lou ___BEGA
53.5%

Today's Daily Dose

Quick Pick
Colorful Movies

Get the Picture
Dog Breeds II

Remove Ads.
Support Sporcle.
Get the best of Sporcle when you Go Orange. This ad-free experience offers more features, more stats, and more fun while also helping to support Sporcle. Thank you for becoming a member.

You're not logged in!

Compare scores with friends on all Sporcle quizzes.
OR
Log In

Show Comments

Extras

Top Quizzes Today


Score Distribution

Your Account Isn't Verified!

In order to create a playlist on Sporcle, you need to verify the email address you used during registration. Go to your Sporcle Settings to finish the process.

Report this User

Report this user for behavior that violates our Community Guidelines.

Details: